000 00705nam a2200193Ia 4500
003 GCL
008 140319s9999 xx 000 0 ara d
040 _aGCL /
_cGCL
082 0 4 _a954.9
_bم م
245 1 0 _aملف التوتر الحدودى بين الهند وباكستان :
_bمشكلة كشمير
260 _aالقاهرة :
_bمركز الاهرام للتنظيم وتكنولوجيا المعلومات ،
_c2001
300 _a232 ص ؛
_c40 سم
650 0 4 _aالعلاقات الخارجية
650 0 4 _aالحدود السياسية
650 0 4 _aكشمير
650 0 4 _aالمشاكل السياسية
650 0 4 _aكشمير - مقالات ومحاضرات
942 _2ddc
_cBK
999 _c5703
_d5703